00538nam a2200193Ia 4500008004100000020001800041050001400059100001800073245003100091245008300122260001500205260001600220260000900236300001500245300002000260300001000280300004600290500000800336170918s9999 xx 000 0 und d a9780590849029 bD121 1996 aDadey, Debbie aAngels don't know karate / cby Debbie Dadey and Marcia Thorthon Jones ; illustrated by John Steven Gurney. aNew York : bScholastic, c1996 a67 pages : billustrations ; c19cm. eThe adventures of the Bailey school kids. a570